| 000 | 00494cam a2200205ua 4500 | ||
|---|---|---|---|
| 020 | _cRs 2.50 | ||
| 041 |
_ahin _h |
||
| 082 |
_a891.43 _bRAM/RA |
||
| 100 | _aRamkumar, Verma . | ||
| 245 |
_aRajat rashmi / _cRamkumar Verma. _hTextual Documents |
||
| 250 |
_a2 / _b. |
||
| 260 |
_a : _bBharateeya Gyanpeet Publication , _c1963. |
||
| 300 | _a200 ; . | ||
| 365 | _aRs 2.50 | ||
| 504 | _a | ||
| 942 | _cBK | ||
| 999 |
_c2585 _d2585 |
||